000 00475nam a2200193Ia 4500
005 20240823012652.0
008 240823s9999||||xx |||||||||||||| ||und||
020 _a0-321-01182-1
041 _aENGLISH
082 _A808.042 N7
100 _a"Baker,Sheridan"
245 4 _aThe Practical Stylist with Readings and Handbook
250 _a8th
260 _c1997
_b"Longman,New "
500 _aYES
650 _aGeneral Studies
_bGeneral
942 _cBK
999 _c165056
_d165056